[Event "Ismailia Misr 2nd"]
[Site "Ismailia"]
[Date "2004.08.22"]
[Round "8"]
[White "Amin, Bassem"]
[Black "Potkin, Vladimir"]
[Result "0-1"]
[WhiteElo "2425"]
[BlackElo "2523"]
[Annotator "Atlas,V"]
[PlyCount "134"]
[EventDate "2004.08.16"]
[EventType "tourn"]
[EventRounds "11"]
[EventCountry "EGY"]
[EventCategory "10"]
[SourceTitle "CBM 103"]
[Source "ChessBase"]
[SourceDate "2004.11.11"]
[SourceVersion "1"]
[SourceVersionDate "2004.11.11"]
[SourceQuality "1"]

1. e4 c5 2. Nf3 e6 3. d3 d5 4. Nbd2 Nf6 5. g3 Nc6 6. Bg2 Be7 7. O-O O-O 8. Re1
b5 9. e5 Nd7 10. Nf1 a5 11. h4 b4 12. Bf4 a4 13. a3 bxa3 14. bxa3 Ba6 15. Ne3
Qa5 16. c4 dxc4 17. Nxc4 Bxc4 18. dxc4 Rad8 19. Ng5 Ncxe5 20. Qc2 Bxg5 21. hxg5
Ng6 22. Bd6 Rfe8 23. Be4 Nf6 24. Bxg6 hxg6 25. Red1 Nh7 26. f4 e5 27. fxe5 Nxg5
28. Rd5 Nf3+ 29. Kf1 Nd4 30. Qd3 Ne6 31. Rb1 Qa8 32. Rb2 Rd7 33. Qb1 Qa6 34.
Qd3 Qc6 35. Rb5 Rc8 36. Kf2 Rdd8 37. Qd1 Qa6 38. Qd2 Ra8 39. Qb2 Rdc8 40. Rd1
Nd4 41. Rxd4 (41. Rxc5 Rxc5 42. Bxc5 Nb3 {is clearly in Black's favor.}) 41...
cxd4 42. Qxd4 Qc6 43. Rb4 Qh1 44. c5 Qh2+ 45. Kf3 Qa2 46. Qd3 Rc6 47. Kg4 Qe6+
48. Kf3 Qa2 49. Kg4 Rca6 50. Rc4 Qb3 51. Rc3 Qe6+ 52. Kf3 Rc6 53. Rc4 Ra7 54.
Rb4 Ra8 55. g4 Rca6 56. Qc4 Qd7 57. Qd5 Rc6 58. Kg3 Rac8 59. Qc4 Qe8 60. Kf2
Qd7 61. Rxa4 Qb7 62. Rb4 Qa7 63. Rb5 Ra6 64. Rb3 $4 ({A big mistake
convincingly refuted by Black. Correct was} 64. Qd5 Rxa3 65. e6 {, with
counterplay.}) {[%tqu "En","How would you take advantage of White's last
careless move?","Eliminate the key defender of White bastions.","Use your
a6-rook for the decisive blow!","a6d6","This excellent exchange sacrifice
decides the game for Black.",6]} 64... Rxd6 $1 {[%csl Ga7,Rc4,Rc5,Gc8,Rf2]
[%cal Ga7f2] This spectacular blow, severely punishing White's mistake, spells
a quick end for White.} 65. exd6 Rxc5 66. Qd4 ({White loses the rook anyway:} 
66. Rb8+ Rc8+) ({or} 66. Rb7 Rf5+ 67. Ke1 Re5+ {, followed by 68...Qb7.}) 66...
Rf5+ (66... Rc2+ 67. Ke3 Re2+ 68. Kd3 Rd2+ {was winning as well.}) 67. Ke3 Rf3+
$1 (67... Rf3+ {, and White resigned as after} 68. Ke4 {, Black has a pleasant
choice between 68...Rf4+ and 68...Qd4+ 69.Kd4 Rb3, easily winning in both
cases.}) 0-1

[Event "Bad Endbach"]
[Site "Bad Endbach"]
[Date "1995.??.??"]
[Round "?"]
[White "Romanishin, Oleg M"]
[Black "Bischoff, Klaus"]
[Result "1/2-1/2"]
[WhiteElo "2595"]
[BlackElo "2525"]
[Annotator "Baburin,A"]
[PlyCount "87"]
[EventDate "1995.04.??"]
[EventType "tourn"]
[EventRounds "11"]
[EventCountry "GER"]
[EventCategory "11"]
[SourceTitle "CBM 047"]
[Source "ChessBase"]
[SourceDate "1995.08.01"]
[SourceVersion "1"]
[SourceVersionDate "1995.08.01"]
[SourceQuality "1"]

1. e4 e6 2. Qe2 c5 3. Nf3 Nc6 4. g3 g6 5. Bg2 Bg7 6. c3 d6 7. Na3 Nge7 8. d3 b6
9. O-O Ba6 10. Rb1 O-O 11. b4 Bb7 12. Bb2 Qd7 13. b5 Na5 14. Ba1 d5 15. e5 a6
16. Rfd1 Rfd8 17. bxa6 Rxa6 18. Nb5 Bc6 19. d4 Bxb5 20. Qxb5 Qxb5 21. Rxb5 c4
22. Bb2 Nac6 23. Bc1 Nc8 24. Bg5 Rd7 25. Rd2 Bf8 26. Ne1 N8a7 27. Rb1 b5 28.
Rdb2 b4 $1 {Black sacrifices a pawn in order to activate his Knight. Indeed
the Knight obtains a very good blockading position on b5; the d4-pawn becomes
vulnerable; the c4-pawn becomes a passed one. It's a lot for one pawn!} 29.
cxb4 Nb5 30. Nc2 Be7 31. Be3 Bd8 {Although White is a pawn up it's he, who is
a defender in this case and Romanishin saved the game by very accurate defence
only.} 32. Bf1 Bb6 33. Rd1 Rda7 34. a3 Ra8 35. g4 Ra4 36. h3 Nca7 37. Ra1 Nc6
38. Rd1 Nxa3 39. b5 Na5 40. Ra2 Nb3 41. Na1 Rb4 42. Nc2 Rba4 43. Na1 Rb4 44.
Nc2 1/2-1/2

[Event "Drury Lane"]
[Site "London"]
[Date "1997.06.22"]
[Round "7"]
[White "Aagaard, Jacob"]
[Black "McDonald, Neil R"]
[Result "0-1"]
[WhiteElo "2440"]
[BlackElo "2490"]
[Annotator "Baburin,A"]
[PlyCount "54"]
[EventDate "1997.06.16"]
[EventType "tourn"]
[EventRounds "9"]
[EventCountry "ENG"]
[EventCategory "10"]
[SourceTitle "CBM 060"]
[Source "ChessBase"]
[SourceDate "1997.09.29"]
[SourceVersion "1"]
[SourceVersionDate "1997.09.29"]
[SourceQuality "1"]

1. e4 e6 2. d3 Nf6 3. Nf3 d5 4. Nbd2 Nc6 5. g3 dxe4 6. dxe4 Bc5 7. Bg2 e5 8.
O-O O-O 9. c3 a5 10. Qc2 b6 11. Nb3 Bd6 12. a4 (12. Nh4 {Fritz 5.00 (100s)} a4
13. Nd2 Bc5 14. Nc4 Ng4 15. Bf3 Ba6 16. Be2 Qf6 17. Nf5 Ne7 18. Nce3 Nxe3 19.
Bxe3 Nxf5 20. Bxc5 Bxe2 21. Qxe2 bxc5 22. exf5 Qxf5 23. Rfe1 Rfe8 24. Qc4 e4 {
1/2-1/2 Gelman,A-Nikolenko,O/Moscow op2 1995/EXP 50}) 12... Ba6 13. Rd1 Qc8 (
13... Qe7 {Fritz 5.00 (100s)} 14. Nh4 g6 15. Bh6 Rfe8 16. h3 Nd8 17. Qc1 Ne6
18. Nf5 gxf5 19. exf5 Ng7 20. Bxa8 Rxa8 21. Rxd6 Qxd6 22. Qg5 Nfe8 23. Bxg7
Nxg7 24. f6 Qf8 25. Re1 Kh8 26. fxg7+ Qxg7 27. Qxe5 Qxe5 28. Rxe5 c5 29. Kh2
Kg7 30. g4 Bd3 31. Nd2 Bc2 32. Nc4 Rb8 33. Rg5+ Kf8 34. Rh5 Bg6 35. Rd5 Ke7 36.
Rd2 f6 37. Ne3 Bb1 38. Kg3 Ke6 39. Kf4 b5 40. axb5 Rxb5 41. Nc4 a4 42. Na3 {
1-0 Horvath,G-Aumann,W/Budapest FS06 IM 1997/EXP 58}) 14. Nh4 Qe6 15. Nf5 Rad8
16. Be3 (16. Bh3 $5 Kh8 17. Bg5) 16... Ng4 17. Bg5 f6 18. Bd2 Bc4 19. Nc1 Bc5
20. Be1 g6 21. Rxd8 Rxd8 22. b3 Ba6 23. Bf3 h5 24. h3 gxf5 25. exf5 Qd6 $1 {
Black has spotted the weakness of the g3-pawn, thanks to the influence of his
dark squared bishop which x-rays the white king.} 26. hxg4 e4 $1 27. Qxe4 $2 (
27. Bg2 Qxg3 28. Ne2 Qxg4 29. Qxe4 {was the only chance to continue the fight.}
) 27... Qxg3+ {Yet another disaster on the g3-square: after 28 Bg2 Bxf2+ 29
Bxf2 Rd1+ Black wins easily.} 0-1

[Event "Leon-B"]
[Site "Leon"]
[Date "1996.??.??"]
[Round "3"]
[White "Strikovic, Aleksa"]
[Black "Lima, Darcy Gustavo Macha"]
[Result "1-0"]
[WhiteElo "2520"]
[BlackElo "2440"]
[Annotator "Baburin,A"]
[PlyCount "53"]
[EventDate "1996.06.??"]
[EventType "tourn"]
[EventRounds "9"]
[EventCountry "ESP"]
[EventCategory "9"]
[SourceTitle "CBM 054"]
[Source "ChessBase"]
[SourceDate "1996.10.01"]
[SourceVersion "1"]
[SourceVersionDate "1996.10.01"]
[SourceQuality "1"]

1. e4 c5 2. Nf3 Nc6 3. d3 e6 4. g3 d5 5. Qe2 Nge7 6. h4 dxe4 7. dxe4 Nd4 8.
Nxd4 cxd4 9. Bg2 Nc6 10. e5 Qc7 11. O-O Nxe5 12. Bf4 Bd6 13. Na3 a6 14. Rfd1
Nc6 15. Bxd6 Qxd6 16. Nc4 Qc7 17. c3 O-O 18. cxd4 {It's very unusual to see a
position with an isolated d4-pawn, arisingn from the King's Indian Defence.
Here White has some edge, despite the fact that quite a few minor pieces have
come off. Sometimes with fewer pieces on the board problems with development
of the c8-bishop are even more difficult to solve.} Rd8 19. Rac1 Bd7 (19...
Rxd4 $5 20. Ne5 Rxd1+ 21. Qxd1 $44) (19... Nxd4 20. Qe3 $44) 20. Qe3 Rac8 21.
a3 $1 {As a king side attack is out of the question here (too many pieces have
been exchanged), White correctly prepares to play on the left wing.} Be8 22. b4
h6 23. Kh2 $1 {White is improving his position, while it's hard to find an
equally useful move for Black.} Kf8 $2 (23... Rxd4 24. Rxd4 Nxd4 25. Qxd4 b5
26. Bf1 $16) 24. d5 $1 {[#]Once again White opens the centre by d4-d5, when he
is much better prepared for this transposition of the pawn formation.} exd5 25.
Bxd5 Ne7 26. Nb6 Nxd5 27. Nxd5 $18 (27. Nxd5 Qb8 28. Qe7+ Kg8 29. Nb6 $18) 1-0

[Event "RUS-Cup06"]
[Site "Nizhnij Novgorod"]
[Date "1998.06.30"]
[Round "2"]
[White "Vaulin, Alexander"]
[Black "Jakovenko, Dmitrij"]
[Result "1-0"]
[WhiteElo "2535"]
[BlackElo "2410"]
[Annotator "Baburin,A"]
[PlyCount "83"]
[EventDate "1998.06.29"]
[EventType "swiss"]
[EventRounds "9"]
[EventCountry "RUS"]
[SourceTitle "EXT 2000"]
[Source "ChessBase"]
[SourceDate "1999.11.16"]
[SourceVersion "1"]
[SourceVersionDate "1999.11.16"]
[SourceQuality "1"]

1. e4 c5 2. Nf3 e6 3. d3 d5 4. Qe2 Nf6 5. g3 Nc6 6. Bg2 Be7 7. O-O O-O $6 (7...
b6 $142) 8. e5 Nd7 9. c4 Re8 10. Re1 d4 $6 11. h4 {This move is an important
part of White's overall plan. He wants to play h4-h5-h6, thus weakening the
dark squares around the enemy king. It's also important to take control of the
g5-square.} Rb8 12. Bf4 b5 {Naturally, Black tries to play on the queenside,
but the text creates some weaknesses there.} 13. cxb5 Rxb5 14. Na3 Rb8 15. Nc4
Na5 16. Nfd2 Ba6 17. b3 Nxc4 18. bxc4 Rb2 19. Qd1 $1 {The situation has
changed and White no longer should play on the kingside, as he now has a clear
plan of play on the opposite flank.} Rb6 20. Qa4 Qc7 21. Rab1 Reb8 22. Rxb6
Rxb6 23. Nb3 Bc8 24. Bd2 Ra6 25. Ba5 Kf8 26. Qb5 Nb6 27. h5 f6 28. exf6 gxf6
29. f4 ({Missing a tactical chance -} 29. Rxe6 $1 Bxe6 30. Qxa6) 29... Bd6 $6
30. Rxe6 Bxe6 31. Qxa6 Bc8 32. Bxb6 axb6 33. Qa8 Kg7 34. Nd2 Bg4 35. Bf3 Qe7
36. Bxg4 Qe3+ 37. Kh1 Qe1+ 38. Kh2 Qxd2+ 39. Kh3 Qxd3 40. Qb7+ Kh6 41. Qf7 Qf1+
42. Kh4 1-0

[Event "YUG-chT"]
[Site "Tivat"]
[Date "1995.??.??"]
[Round "7"]
[White "Nevednichy, Vladislav"]
[Black "Beliavsky, Alexander G"]
[Result "1-0"]
[WhiteElo "2480"]
[BlackElo "2650"]
[Annotator "Belov,I"]
[PlyCount "61"]
[EventDate "1995.??.??"]
[EventType "team-swiss"]
[EventRounds "11"]
[EventCountry "YUG"]
[SourceTitle "CBM 048 Extra"]
[Source "ChessBase"]
[SourceDate "1995.11.01"]
[SourceVersion "1"]
[SourceVersionDate "1995.11.01"]
[SourceQuality "1"]

1. e4 e6 2. d3 d5 3. Nd2 Nf6 4. Ngf3 b6 5. c3 Be7 6. Qa4+ c6 (6... Bd7 7. Qc2
Bc6 8. e5 Nfd7 9. d4 Bb7 10. Bd3 h6 11. b4 c5 12. Qb1 $14 {Chernov,
V-Schwartzman,G/Bucharest ENE/1993/0,5/72/}) (6... Qd7 7. Qc2 O-O 8. d4 (8. Ne5
Qd6 9. d4 c5 10. Nef3 Qc7 11. Bd3 Ba6 12. dxc5 bxc5 13. Bxa6 Nxa6 $10 {Varavin,
V-Totsky,L/Moscow/1992/1:0/42/}) 8... dxe4 9. Nxe4 Ba6 10. Nxf6+ Bxf6 11. Qe4
Bxf1 12. Kxf1 Qd5 $10 {Komljakov,V-Totsky,L/Orel/1994/0,5/15/}) 7. e5 (7. Be2
O-O 8. Nf1 b5 9. Qc2 c5 10. Ng3 Nc6 11. O-O Bb7 $10 {Orlov,G-Piskov,Y/Minsk/
1990/0,5/16/}) 7... Nfd7 8. d4 a5 9. h4 Qc7 10. h5 $5 (10. Bd3 Ba6 11. Bxa6
Nxa6 12. O-O b5 13. Qd1 c5 $15 {Bosboom,M-Knaak,R/Mitropa-Cup/1993/0:1/30/})
10... Ba6 11. a3 O-O (11... h6 $5) 12. h6 g6 13. Bxa6 Nxa6 14. O-O b5 15. Qd1
c5 $132 16. Re1 Rfc8 17. Qe2 (17. Nf1 cxd4 18. cxd4 Qc2 $17) 17... b4 18. axb4
cxb4 19. c4 $1 $8 (19. cxb4 Nxb4 $17) 19... dxc4 20. d5 Bf8 (20... exd5 21. e6
Nf8 (21... Ndc5 22. exf7+ Kxf7 (22... Kf8 23. Nxc4 dxc4 24. Bf4 Bd6 (24... Qd7
25. Qe5 Kxf7 26. Qg7+ Ke8 27. Qg8#) 25. Bxd6+ Qxd6 26. Ng5 Nd3 27. Qf3 $36) 23.
Ne5+ Kg8 24. Qf3 Bf8 25. Qxd5+ Kh8 26. Nf7+ Kg8 27. Nd6+ $16) 22. exf7+ Kxf7
23. Ne5+ Kg8 24. Qf3 Bc5 25. Qxd5+ Kh8 26. Nf7+ Kg8 27. Nd6+ $16) (20... Qb7
21. Rxa5) 21. dxe6 fxe6 22. Ne4 Be7 $6 (22... Nac5 23. Nf6+ Nxf6 24. exf6 Nd3 (
24... Ra6 25. Ng5 Nd3 26. f7+ Kh8 27. Qf3 Be7 28. Rxe6 $18) 25. Ng5 (25. Qxe6+
Qf7 26. Qxf7+ Kxf7 27. Ng5+ Kxf6 28. Nxh7+ Kf7 29. Re4 $13) 25... e5 $13) 23.
Bg5 Bxg5 24. Nfxg5 Qxe5 (24... Nac5 25. Nf6+ Nxf6 26. exf6 $36) (24... Nxe5 25.
Nf6+ Kh8 (25... Kf8 26. Nxe6+) 26. Qxe5 Qxe5 27. Nf7#) 25. Nf3 Qf4 (25... Qc7
26. Neg5 Ndc5 27. Qxc4 $16) 26. Rxa5 $16 Nc7 27. Rxa8 Nxa8 28. Rd1 Nf8 (28...
Nab6 29. Nd6 Rf8 30. Qxe6+ Kh8 31. Ne4 $16) 29. Nfg5 $1 c3 (29... Nb6 30. Qe3
Qc7 31. Nf6+ Kh8 32. Rd7 Qxd7 $8 (32... Nbxd7 33. Nf7#) 33. Nxd7 Nbxd7 34. Nxe6
$18) 30. Qe3 $1 $18 c2 (30... Qc7 31. bxc3 b3 (31... bxc3 32. Nf6+ Kh8 33. Qxc3
$1 Qxc3 34. Nf7#) 32. Rb1 Rb8 33. Nf6+ Kh8 34. Qe5 $1 $18) 31. Rc1 (31. Rc1
Qxe3 (31... Qf5 32. Nd6 Qc5 33. Nxc8 Qxc8 34. Qb3 $18) (31... Qc7 32. Rxc2 Qxc2
(32... Qb7 33. Rxc8 Qxc8 34. Nf6+) 33. Nf6+ Kh8 34. Nf7#) (31... Qe5 32. f4)
32. Nf6+ Kh8 33. Nf7#) 1-0

[Event "Moscow3"]
[Site "Moscow"]
[Date "1995.??.??"]
[Round "?"]
[White "Yagupov, Igor"]
[Black "Rustemov, Alexander"]
[Result "1-0"]
[WhiteElo "2415"]
[BlackElo "2450"]
[Annotator "Belov,I"]
[PlyCount "47"]
[EventDate "1995.04.??"]
[EventType "tourn"]
[EventRounds "11"]
[EventCountry "RUS"]
[EventCategory "8"]
[SourceTitle "CBM 047 Extra"]
[Source "ChessBase"]
[SourceDate "1995.09.01"]
[SourceVersion "1"]
[SourceVersionDate "1995.09.01"]
[SourceQuality "1"]

1. e4 e6 2. d3 d5 3. Nd2 Nf6 4. Ngf3 c5 5. g3 Nc6 6. Bg2 Be7 7. O-O b6 8. Re1
Bb7 9. c3 Qc7 10. e5 (10. a3 O-O-O (10... a5 11. a4 O-O-O (11... O-O $5) 12. e5
Nd7 13. d4 g5 14. Nb1 $1 h6 15. Na3 Ndb8 16. Be3 Ba6 17. Nb5 $14 {Psakhis,
L-Kohlweyer,B/Wien op/1990/1:0/60/}) 11. Qe2 h6 12. b4 c4 13. exd5 cxd3 14.
Qxd3 Nxd5 15. Qc2 Bf6 16. Bb2 Kb8 17. c4 $14 {Psakhis,L-Nikitin,A/Berliner
Sommer/1991/1:0/33/}) (10. exd5 Nxd5 11. a4 O-O 12. Nc4 Rad8 13. Qb3 Bf6 14. a5
Ba8 15. Nfd2 Rb8 $10 {Todorcevic,M-VuJosevic,V/Cetinje/1992/1:0/37/}) 10... Nd7
11. Nf1 $5 (11. Qe2 g5 12. h3 h5 $132) 11... Ncxe5 $6 (11... O-O-O 12. Bf4 h6
13. h4 $14 Rdg8 14. Qd2 Qd8 15. h5 g5 16. hxg6 Rxg6 17. Rab1 Qf8 18. a3 h5 19.
b4 $16 {Yagupov,I-Janovsky,S/Moscow 3/1995/1:0/38/}) 12. Nxe5 Nxe5 13. Bf4 Bd6
14. Bxe5 Bxe5 15. Qh5 Bf6 $6 (15... Bd6 16. Rxe6+ Kf8 17. Re2 d4 18. cxd4 cxd4
19. Bxb7 Qxb7 20. Rc1 Rc8 21. Qd5 $1 $16 {Nadyrhanov/}) 16. Rxe6+ Kf8 17. Rxf6
$1 gxf6 18. Qh6+ Ke7 (18... Kg8 19. Ne3 Re8 20. Ng4 Re6 21. Nxf6+ Rxf6 22. Qxf6
$18) 19. Re1+ Kd7 20. Qxf6 $18 Qd6 21. Qxf7+ Kc8 22. Bh3+ Kb8 23. Re6 Qf8 24.
Re8+ $1 (24. Re8+ Qxe8 25. Qf4+) 1-0

[Event "SWE-ch"]
[Site "Vasteras"]
[Date "2011.07.23"]
[Round "8"]
[White "Berg, Emanuel"]
[Black "Eriksson, Johan"]
[Result "1-0"]
[WhiteElo "2604"]
[BlackElo "2401"]
[Annotator "Berg,E"]
[PlyCount "47"]
[EventDate "2011.07.16"]
[EventType "tourn"]
[EventRounds "9"]
[EventCountry "SWE"]
[EventCategory "10"]
[SourceTitle "CBM 143 Extra"]
[Source "ChessBase"]
[SourceDate "2011.08.29"]
[SourceVersion "1"]
[SourceVersionDate "2011.08.29"]
[SourceQuality "1"]

1. e4 c5 2. Nf3 e6 {This move came as somewhat of a surprise since my opponent
is a regular Najdorf player. Having spent the whole morning analysing the
Najdorf I got a bit upset and decided for a counter surprise over the board.}
3. b4 $1 {An interesting pawn sacrifice in order to get control over the
centre. The move in itself might not be that strong theoretically, but as a
surprise it definitely has extra value.} cxb4 4. a3 {White now plans to
recapture on a3 with the B and if possible exchange the dark-squared bishops
in order to weaken the dark squares in Black's camp.} Nc6 5. axb4 Bxb4 6. c3
Be7 7. d4 {White has a strong centre in compensation for the sacrificed pawn.}
d5 {By playing this move Black walks right into White's plan. Although
objectively there is nothing wrong with ...d5 it looks more lgical to play} (
7... d6 {in order to push ...e5 next and open the diagonal for the B on c8.})
8. e5 {Now the centre is closed and we have transposed to a French-like
position. It's bad news for Black that he doesn't have his c-pawn and is
unable to get counterplay with ...c5. Moreover the bishop on e7 prevents the N
on g8 from occupying its natural development square on e7 and the B on c8 has
a rather long way to a bright future.} f6 {Black breaks in the centre, trying
to open up the play in order to get more space for his pieces.} 9. Bd3 {
White continues with natural development so as not to let Black bring out his
g8 N that easily.} fxe5 10. Nxe5 (10. dxe5 {is the most common option here.
It's also a very logical move since White now remains in control of the
f6-square which hampers Black's development. It's a very reasonable move in
many kind of ways, but as I was not completely comfortable with the reply} Nh6
$5 {I decided not to go for this. If Black is able to transfer his N to f7
next move there is not much left in the way of compensation for White. Instead}
11. Bxh6 {should be played when after} gxh6 {Black gets a slightly inferior
pawn structure. However he remains a pawn up and now also has the pair of
bishops, while I can't see any clear counterplay for White.} 12. Qd2) 10... Nf6
{Black grabs the chance to develop his N from g8.} 11. O-O O-O 12. Nd2 {
White prepares to play Ndf3 to take control over the square e5, which can be a
very useful outpost.} Nxe5 $2 $146 {Black decides to stop Whie's plans. Now
White will have to recapture on e5 with a pawn, taking away the outpost on e5
and also liquidating the pressure against the weak e6-pawn along the e-file.
However White will now be able to start an attack on the kingside before Black
gets time to consolidate.} ({A wiser decision would have been} 12... Bd7 {
as in 0-1 Perez,F (2184)-Ribreau,H (2246)/France 2003/EXT 2005 (36) to
continue development} {Now instead of 13.f4 that was played in the game, the
natural move} 13. Ndf3 {looks like a better approach to me, keeping the
diagonal c1-h6 open for the white B. White's initiative should compensate for
the sacrificed pawn.}) 13. dxe5 Nd7 $2 ({Taking into account what followed in
the game, here} 13... Ne4 {would have been more stubborn when after} 14. Nxe4
dxe4 15. Bxe4 $14 {[%csl Ge4] White regains the sacrificed pawn with a
slightly better position in view of his better placed pieces and Black's
development problems of the B on c8.}) 14. Qh5 g6 $4 {This loses on the spot.
Obviously my next move was not the big surprise for my opponent, but he
confessed after the game that he had completely overlooked the fact that my
rook from a1 would be able to swing over to the kingside along the fourth rank.
} ({Absolutely necessary was} 14... h6 {when Black still has practical chances
to stay in the game. However after the correct} 15. Nb3 $1 {Threatening Bxh6
and at the same time controlling the important c5-square that otherwise could
be a resource to counterplay for Black. A possible line that we analysed
during the post mortem is} Qc7 16. Re1 $1 Qxc3 17. Re3 $40 {with a crushing
attack for White}) 15. Bxg6 hxg6 16. Qxg6+ Kh8 17. Ra4 $1 {This is the crucial
move that decides the game.} ({My computer program points out that} 17. Nf3 {
is even stronger, but the game continuation looked a bit more straightforward
to me during the game.}) 17... Rf5 ({Necessary was} 17... Nxe5 {in order to
stay in the game, but after} 18. Qh5+ Kg8 19. Qxe5 {White has regained the
sacrificed piece while the attack soon continues. I don't see much hope for
Black here, although there is still some fighting to come.} Rf5 20. Rg4+ Rg5
21. Qg3 Rxg4 22. Qxg4+ Kf7 23. Nf3 $16 Qh8 $8 24. Re1) 18. Qh6+ Kg8 19. Qxe6+
Rf7 20. Rg4+ Bg5 21. Qxd5 $1 {By simply collecting another pawn,White leaves
Black completely paralysed, while himself creating even more threats.} Kf8 22.
e6 Rg7 23. Ba3+ Be7 24. Qf5+ 1-0